<?xml version="1.0" encoding="UTF-8"?>
<record
    xmlns:xsi="http://www.w3.org/2001/XMLSchema-instance"
    xsi:schemaLocation="http://www.loc.gov/MARC21/slim http://www.loc.gov/standards/marcxml/schema/MARC21slim.xsd"
    xmlns="http://www.loc.gov/MARC21/slim">

  <leader>06770cam a2200469 i 4500</leader>
  <controlfield tag="001">991107524761506196</controlfield>
  <controlfield tag="005">20260128114339.0</controlfield>
  <controlfield tag="008">250221t20252025nyu      b    001 0 eng d</controlfield>
  <datafield tag="010" ind1=" " ind2=" ">
    <subfield code="a">  2024005973</subfield>
  </datafield>
  <datafield tag="020" ind1=" " ind2=" ">
    <subfield code="a">9780593229866</subfield>
    <subfield code="q">(hardcover)</subfield>
  </datafield>
  <datafield tag="035" ind1=" " ind2=" ">
    <subfield code="a">(OCoLC)1505528503</subfield>
  </datafield>
  <datafield tag="035" ind1=" " ind2=" ">
    <subfield code="a">(OCoLC)on1505528503</subfield>
  </datafield>
  <datafield tag="040" ind1=" " ind2=" ">
    <subfield code="a">LMJ</subfield>
    <subfield code="b">eng</subfield>
    <subfield code="e">rda</subfield>
    <subfield code="c">LMJ</subfield>
    <subfield code="d">FLW</subfield>
    <subfield code="d">IG#</subfield>
    <subfield code="d">OCLCO</subfield>
    <subfield code="d">CCPLG</subfield>
    <subfield code="d">OCO</subfield>
    <subfield code="d">OJ4</subfield>
    <subfield code="d">IMD</subfield>
    <subfield code="d">MJ8</subfield>
    <subfield code="d">IMT</subfield>
    <subfield code="d">OCLCO</subfield>
    <subfield code="d">WIM</subfield>
    <subfield code="d">JRX</subfield>
    <subfield code="d">OCLCO</subfield>
    <subfield code="d">IUK</subfield>
    <subfield code="d">OCLCA</subfield>
    <subfield code="d">GO4</subfield>
    <subfield code="d">CLE</subfield>
    <subfield code="d">WKM</subfield>
    <subfield code="d">CQC</subfield>
    <subfield code="d">UNB</subfield>
    <subfield code="d">HMS</subfield>
    <subfield code="d">OCLCO</subfield>
    <subfield code="d">Y#4</subfield>
    <subfield code="d">OCLCO</subfield>
    <subfield code="d">PAU</subfield>
    <subfield code="d">P4Q</subfield>
    <subfield code="d">TSC</subfield>
    <subfield code="d">OCLCO</subfield>
  </datafield>
  <datafield tag="041" ind1=" " ind2=" ">
    <subfield code="a">EN</subfield>
  </datafield>
  <datafield tag="043" ind1=" " ind2=" ">
    <subfield code="a">n-us---</subfield>
  </datafield>
  <datafield tag="050" ind1="0" ind2="4">
    <subfield code="a">HD9666.9.J6</subfield>
    <subfield code="b">H37 2025</subfield>
  </datafield>
  <datafield tag="100" ind1=" " ind2=" ">
    <subfield code="a">Harris, Gardiner,</subfield>
    <subfield code="e">author.</subfield>
    <subfield code="1">https://id.oclc.org/worldcat/entity/E39PCjtrkYfFBV8tKpHY8pd8yb</subfield>
    <subfield code="9">26686</subfield>
  </datafield>
  <datafield tag="245" ind1="1" ind2="0">
    <subfield code="a">No more tears </subfield>
    <subfield code="b">: the dark secrets of Johnson &amp; Johnson </subfield>
    <subfield code="c">/ Gardiner Harris.</subfield>
  </datafield>
  <datafield tag="246" ind1="3" ind2="0">
    <subfield code="a">Dark secrets of Johnson &amp; Johnson</subfield>
  </datafield>
  <datafield tag="250" ind1=" " ind2=" ">
    <subfield code="a">First edition.</subfield>
  </datafield>
  <datafield tag="264" ind1=" " ind2="1">
    <subfield code="a">New York :</subfield>
    <subfield code="b">Random House</subfield>
    <subfield code="c">[2025]</subfield>
  </datafield>
  <datafield tag="300" ind1=" " ind2=" ">
    <subfield code="a">xviii, 444 pages ;</subfield>
    <subfield code="c">25 cm</subfield>
  </datafield>
  <datafield tag="500" ind1=" " ind2=" ">
    <subfield code="a">"Deception corruption death" -- Cover.</subfield>
  </datafield>
  <datafield tag="504" ind1=" " ind2=" ">
    <subfield code="a">Includes bibliographical references (pages 357-428) and index.</subfield>
  </datafield>
  <datafield tag="505" ind1="0" ind2=" ">
    <subfield code="a">Introduction: A quintessentially American company &#x2014; Part I: Consumer products. Section I: Trust from birth. An emotional bond &#x2014; Three brothers go to New Brunswick, 1860-1968 &#x2014; Section II: Johnson's baby powder. Mineral twins &#x2014; The FDA conducts a survey &#x2014; Birth of the modern FDA &#x2014; The power of pressure &#x2014; A meeting at a Harvard hospital &#x2014; Secrecy is a top priority &#x2014; A sacred cow &#x2014; Section III: Tylenol. An infamous crime, the birth of a myth &#x2014; Problems with the narrative &#x2014; Never an adversarial relationship &#x2014; The cost of doing business &#x2014; Part II: Prescription drugs. A valley of death in drug discovery &#x2014; Section IV: Procrit. The first great biotech franchise is born &#x2014; How giving cash to doctors became good business &#x2014; J &amp; J's biggest-selling drug &#x2014; A brave researcher breaks the silence &#x2014; Miracle-Gro for cancer &#x2014; Section V: Risperdal. A path of a normal life &#x2014; A treatment for everything and everyone &#x2014; Serious red flags &#x2014; A big target &#x2014; Ice cream and popcorn parties &#x2014; A turning point &#x2014; One of the most alarming warnings &#x2014; They knew they were a good company &#x2014; Section VI: Duragesic. An epidemic foretold &#x2014; Opium blossoms in Tasmania &#x2014; Less prone to abuse &#x2014; Evolve the value discussion &#x2014; Section VII: Ortho Evra birth control patch. The pill and the patch &#x2014; Part III: Medical devices. The FDA goes looking for a savior &#x2014; Section VIII: Pinnacle metal-on-metal hip implant. Two terrible dilemmas &#x2014; God, Nazis, and hip implants &#x2014; Never stop moving &#x2014; Section IX: Prolift vaginal mesh. A cure for sag &#x2014; "Usually minor and well manageable" &#x2014; Part VI: Vaccination. Section X: COVID. A rare shot a redemption.</subfield>
  </datafield>
  <datafield tag="520" ind1=" " ind2=" ">
    <subfield code="a">"When reporter Gardiner Harris met a woman at an airport bar whose entire family has been shattered by her nephew's use of the drug Risperdal, one she sold to his doctor as a drug sales rep, he began to wonder how many similar stories are out there. This was in 2004, and since then, Harris has been investigating one of the largest players in Big Pharma, continuously reporting on it despite simultaneous landmark journalistic accomplishments, like exposing the extremely toxic mining conditions ignored by coal companies. For decades, pharmaceutical giant Johnson &amp; Johnson was seen as a paragon of ethical conduct, especially considering the company's child-friendly products like baby powder and tearless shampoo. However, Harris has uncovered reams of evidence of deceitful and dangerous corporate practices that reveal a historic threat to the health of the American public. He covers several disasters: tissue death caused by J &amp; J's touted hip replacements, their coverup of baby powder's linkage to cancer, the teen-directed marketing of the life-altering drug Risperdal, and more. The Hatch-Waxman Bill, which is meant to pave the way for lower-priced generic drugs, passed in 1984, and inadvertently created loopholes in the drug approval process which allowed urgency and profit maximization to take precedence over diligence and patient protection. Johnson &amp; Johnson's subsequent lack of oversight, money-grubbing, and flat out lies have resulted in the death or serious injury of millions of people. To many, the peril of falsified science seems distant, but Harris reveals how a combination of misrepresented data and bribe culture directly impact doctors' decisions -- which are devastatingly revealed to be not at all in the interests of patients."--</subfield>
    <subfield code="c">Provided by publisher.</subfield>
  </datafield>
  <datafield tag="520" ind1=" " ind2=" ">
    <subfield code="a">No More Tears is a hard-hitting work of investigative journalism that exposes the darker side of Johnson &amp; Johnson, one of America&#x2019;s oldest and most trusted healthcare companies. Written by New York Times reporter Gardiner Harris, the book traces decades of corporate misconduct hidden behind the company&#x2019;s carefully cultivated image as a safe, family-friendly &#x201C;baby company&#x201D;.

The story begins in 2004, when Harris meets a Johnson &amp; Johnson sales representative by chance at an airport bar. Her account of unethical sales practices and the damage they caused to her own family becomes the catalyst for years of reporting that ultimately lead to this book.

Harris documents how the company repeatedly put profits before patients, covering up risks and aggressively marketing dangerous products. He examines scandals involving Johnson&#x2019;s Baby Powder and its links to cancer, the underestimated dangers of Tylenol, the illegal promotion of antipsychotic drugs, cancer treatments that may have worsened tumour growth, and the role of the fentanyl patch Duragesic in fuelling the opioid crisis.

Through detailed reporting and insider testimony, the book reveals a pattern of deception, regulatory pressure, and calculated risk-taking that endangered millions of lives. No More Tears dismantles the comforting public image of Johnson &amp; Johnson and presents a troubling portrait of a healthcare giant whose actions often betrayed the trust placed in it.</subfield>
  </datafield>
  <datafield tag="610" ind1="2" ind2="0">
    <subfield code="a">Johnson &amp; Johnson.</subfield>
    <subfield code="9">26687</subfield>
  </datafield>
  <datafield tag="610" ind1=" " ind2="0">
    <subfield code="a">Johnson &amp; Johnson.</subfield>
    <subfield code="9">26687</subfield>
  </datafield>
  <datafield tag="650" ind1=" " ind2="0">
    <subfield code="a">Pharmaceutical industry </subfield>
    <subfield code="x">Corrupt practices United States.</subfield>
    <subfield code="z">United States.</subfield>
  </datafield>
  <datafield tag="650" ind1=" " ind2="0">
    <subfield code="a">Pharmaceutical industry </subfield>
    <subfield code="x">Moral and ethical aspects.</subfield>
    <subfield code="9">26689</subfield>
  </datafield>
  <datafield tag="650" ind1=" " ind2="0">
    <subfield code="a">Medical care </subfield>
    <subfield code="x">Corrupt practices United States.</subfield>
    <subfield code="z">United States.</subfield>
  </datafield>
  <datafield tag="650" ind1=" " ind2="0">
    <subfield code="a">Medical ethics.</subfield>
  </datafield>
  <datafield tag="650" ind1="1" ind2="0">
    <subfield code="a">Drug Industry</subfield>
    <subfield code="x">ethics</subfield>
    <subfield code="9">26691</subfield>
  </datafield>
  <datafield tag="650" ind1="1" ind2="2">
    <subfield code="a">Delivery of Health Care</subfield>
    <subfield code="x">ethics</subfield>
  </datafield>
  <datafield tag="650" ind1="1" ind2="0">
    <subfield code="a">Professional Misconduct</subfield>
    <subfield code="9">26692</subfield>
  </datafield>
  <datafield tag="650" ind1="2" ind2="0">
    <subfield code="a">Ethics, Medical</subfield>
    <subfield code="9">26693</subfield>
  </datafield>
  <datafield tag="650" ind1="2" ind2="0">
    <subfield code="a">Business ethics</subfield>
    <subfield code="9">3022</subfield>
  </datafield>
  <datafield tag="651" ind1=" " ind2="0">
    <subfield code="a">United States</subfield>
    <subfield code="9">22762</subfield>
  </datafield>
  <datafield tag="655" ind1=" " ind2="0">
    <subfield code="a">Informational works</subfield>
    <subfield code="2">lcgft</subfield>
    <subfield code="9">23310</subfield>
  </datafield>
  <datafield tag="942" ind1=" " ind2=" ">
    <subfield code="2">lcc</subfield>
  </datafield>
  <datafield tag="952" ind1=" " ind2=" ">
    <subfield code="0">0</subfield>
    <subfield code="1">0</subfield>
    <subfield code="2">lcc</subfield>
    <subfield code="4">0</subfield>
    <subfield code="7">0</subfield>
    <subfield code="a">TBS</subfield>
    <subfield code="b">TBS</subfield>
    <subfield code="d">2026-01-28</subfield>
    <subfield code="l">0</subfield>
    <subfield code="o">HD9666.9.J6 HAR</subfield>
    <subfield code="r">2026-01-28</subfield>
    <subfield code="t">1</subfield>
    <subfield code="w">2026-01-28</subfield>
    <subfield code="y">1</subfield>
    <subfield code="z">SOON AVAILABLE</subfield>
  </datafield>
  <datafield tag="999" ind1=" " ind2=" ">
    <subfield code="c">5311</subfield>
    <subfield code="d">5311</subfield>
  </datafield>
</record>
